கணிதம்: G.C.E.o/l Past papers வினாத்தாள்களும் விடைகளும்/
Saved in:
| Format: | Book |
|---|---|
| Language: | English Tamil |
| Published: |
கொழும்பு:
லோயல் பப்பளிகேஷன்,
|
| Subjects: | |
| Tags: |
Add Tag
No Tags, Be the first to tag this record!
|
MARC
| LEADER | 00000nam a22000007a 4500 | ||
|---|---|---|---|
| 005 | 20260410120208.0 | ||
| 008 | 260410b |||||||| |||| 00| 0 eng d | ||
| 020 | |a 9789557732732 | ||
| 041 | |a tam | ||
| 082 | |a 510 |b கணித | ||
| 245 | |a கணிதம்: |b G.C.E.o/l Past papers வினாத்தாள்களும் விடைகளும்/ | ||
| 260 | |a கொழும்பு: |b லோயல் பப்பளிகேஷன், | ||
| 300 | |a xv;306ப |c 29.7cm | ||
| 500 | |a Purchase | ||
| 650 | |a கணிதம் | ||
| 942 | |c REF | ||
| 999 | |c 71228 |d 71228 | ||